Jak na efektivní geomarketing?
Geografické informačné systémy (GIS) využívané v geomarketingu. Spracovanie dát ako základný stavebný kameň geomarketingu. Neadresný direct marketing - zacielený na regióny a na zákazníka. Kombinácia neadresného a adresného direct marketingu. Adresný direct marketing. Geomarketing v Českej republike...
Gespeichert in:
| 1. Verfasser: | |
|---|---|
| Format: | Buchkapitel |
| Sprache: | Tschechisch |
| Schlagworte: | |
| Tags: |
Keine Tags, Fügen Sie das erste Tag hinzu!
|
MARC
| LEADER | 00000naa$a2200000$$$4500 | ||
|---|---|---|---|
| 001 | 0030416 | ||
| 005 | 20251210132252.3 | ||
| 041 | 0 | |a cze | |
| 044 | |a CZ | ||
| 245 | 1 | 0 | |a Jak na efektivní geomarketing? |c Jan Senohrábek |
| 520 | |a Geografické informačné systémy (GIS) využívané v geomarketingu. Spracovanie dát ako základný stavebný kameň geomarketingu. Neadresný direct marketing - zacielený na regióny a na zákazníka. Kombinácia neadresného a adresného direct marketingu. Adresný direct marketing. Geomarketing v Českej republike. | ||
| 610 | 2 | 0 | |a marketing územia |
| 610 | 2 | 0 | |a geomarketing |
| 610 | 2 | 0 | |a marketing regionálny |
| 610 | 2 | 0 | |a marketing priamy |
| 610 | 2 | 0 | |a direct mailing |
| 610 | 2 | 0 | |a spracovanie dát |
| 610 | 2 | 0 | |a systémy informačné |
| 610 | 2 | 0 | |a podpora predaja |
| 610 | 2 | 0 | |a reklama |
| 610 | 2 | 0 | |a hypermarkety |
| 610 | 2 | 0 | |a zákazníci |
| 100 | 1 | |a Senohrábek, Jan | |